Normal view
MARC view
- Standards, Engineering.
Entry Topical Term
001 - CONTROL NUMBER
- control field: 26250
003 - CONTROL NUMBER IDENTIFIER
- control field: NUST
005 - DATE AND TIME OF LATEST TRANSACTION
- control field: 20191126161300.0
008 - FIXED-LENGTH DATA ELEMENTS
- fixed length control field: 191126|| aca||aabn | a|a d
040 ## - CATALOGING SOURCE
- Original cataloging agency: NUST
- Transcribing agency: NUST
150 ## - HEADING--TOPICAL TERM
- Topical term or geographic name entry element: Standards, Engineering.
670 ## - SOURCE DATA FOUND
- Source citation: Work cat.: (NUST)0: Ching, Francis D. K., 1943- 26249, Building codes illustrated :, c2009.
